| 000 | 01043 a2200205 4500 | ||
|---|---|---|---|
| 001 | 27053 | ||
| 005 | 20260407155547.0 | ||
| 008 | 260407a1962 arg spa d | ||
| 003 | AR-UNSa-BCEJYS | ||
| 040 |
_aAR-UNSa-BCEJYS _bspa _cAR-UNSa-BCEJYS |
||
| 080 |
_a347.736 _xQuiebra. Insolvencia. Suspensión de pagos. Bancarrota, procedimientos. Derecho Concursal |
||
| 245 | 1 | 0 | _aEl concordato y la quiebra |
| 250 | _a4a. ed | ||
| 264 | 1 |
_aBuenos Aires : _bDepalma _c1962 |
|
| 300 |
_a3v. (xviii, 590; xv, 471; xiv, 472 p.) _c23 cm. |
||
| 505 | _a1.Evolución de la quiebra en el derechi romano - 2. Evolución histórica del derecho de quiebra en la edad media - 3. Evolución histórica de la quiebra en los tiempos modernos - 4. Evolución histórica de la quiebra en el derecho argentino - 5. Quiebra común para comerciantes y civiles - 6. La quiebra desde el punto de vista económico - 7. La quiebra desde el punto de vista jurídico. | ||
| 942 | _cBK | ||
| 590 | _aniveau_biblio:m niveau_hierar:0 | ||
| 100 | 1 | _aGarcia Martinez, Francisco | |
| 999 |
_c1538 _d1538 |
||